000
00324nam a2200121 a 4500
005
20140414093846.0
008
100219s19uu xx uuu eng d
050
_a
CDB 500
_b
BAT 2000
245
_a
Bato Balani :
_b
for Science and Technology- vol. 19.
650
_a
Science and Technology.
942
_c
AVM
999
_c
109622
_d
109622